00362nam a2200133Ia 450000500170000000800410001702000180005808200130007610000180008924500220010726000340012930000170016350000480018020250616002226.0240331s9999 xx 000 0 und d a9789555044240 bRANa306 aRanasinghe, N 0aWedenawe Diyaniyo bPublished by the authorc2013 aXi, 64 p ., aA slogan Condemning violence against Women